000 01086nam a2200277Ia 4500
003 OSt
005 20221005105441.0
006 a|||||r|||| 00| 0
007 ta
008 221004b |||||||| |||| 00| 0 hin d
020 _c35
024 _a2701
037 _b13337, 23/07/2012, Kitab Ghar
_cTextual
040 _aCRL
_cCRL
_bhin
041 _2hin
_ahin
082 _aP168:795, 152M7
100 _aहसन, मौलवी मीर
245 0 _aपाश्चात्य रचनाओं के उर्दू अनुवाद
246 _aPāshchātya rachanāoan ke urdū anuvāda
260 _aनई दिल्ली
_bभारतीय अनुवाद परिषद भारत
_c1987
300 _a57पृ0
_ccm.
650 _aहिन्दी भाषा
700 _a मुहम्मद इलियास, अनु.
942 _hP168:795, 152M7
_cTEXL
_2cc
999 _c1015857
_d1015857